000 00358nam a22001337a 4500
003 SGT
020 _a9789381234402
082 _a080
_bY16S
100 _aशर्मा, यति
245 _aयतिपंख : काव्य संग्रह
260 _bअंकित पब्लिकेशंस
_c2016
300 _a104
942 _2ddc
_cBK
999 _c31618
_d31618